000 00610nam a2200217Ii 4500
003 JO-AjNU
008 230606s9999||||xx |||||||||||||| ||und||
020 _a978-0-13-216745-1
040 _aJO-AjNU
_beng
_erda
_cJO-AjNU
041 _aeng
050 1 4 _aTH145.N86.2011
100 3 _aNunnally,
_eauthor
_94148
245 0 0 _aConstrucation Mothods and Management
250 _a1 ed
264 3 1 _aBoston:pearSON,2011
300 _a384p
336 _atext
_btxt
_2rdacontent
337 _aunmediated
_bn
_2rdamedia
338 _avolume
_bnc
_2rdacarrier
650 4 _aConstrucation Mwthods and Management
_94149
999 _aE2159
_c2157
_d2157